|
|
|
|
| LEADER |
00000nkm a2200000 a 4500 |
| 001 |
vtls010865605 |
| 003 |
SK-MaSNL |
| 005 |
20260512123935.0 |
| 007 |
kp bo |
| 008 |
231214q1922 xo g 00 kuslo |
| 015 |
|
|
|a SNBG
|
| 035 |
|
|
|a BE84E581-7C30-427F-8055-61FB268E57FF
|
| 035 |
|
|
|a urn:nbn:sk:snk-kmy0aw
|
| 035 |
|
|
|a urn:nbn:sk:snk-km007bhr
|
| 040 |
|
|
|a SNK
|b slo
|c SNK
|e AACR2
|
| 041 |
0 |
|
|a slo
|
| 043 |
|
|
|a e-xo---
|
| 044 |
|
|
|a xo
|c SK
|
| 080 |
|
|
|a 908(437.6)
|2 2001
|
| 080 |
|
|
|a (084.121)
|2 2001
|
| 080 |
|
|
|a 551.24.055
|2 2011
|
| 080 |
|
|
|a (234.372.4)
|2 2011
|
| 080 |
|
|
|a 711.455:615.838
|2 2001
|
| 245 |
0 |
0 |
|a Vysoké Tatry
|n 16
|h grafika
|b Tatran. Lomnica, Kúpele, v pozadí Lomnický štít (2634 m. n. m.), Kežmarský štít (2556 m. n. m.)
|
| 260 |
|
|
|a Štrbské Pleso
|b Nakl. J. Ossko
|c [1922]
|e Praha
|f Hollarotypie-Neubert
|
| 300 |
|
|
|a 1 pohľadnica
|b čiernobiela
|c 14x9 cm
|
| 650 |
0 |
7 |
|a vrchy a štíty
|2 SNKPH
|9 165131
|
| 650 |
0 |
7 |
|a kúpele
|2 SNKPH
|9 1139
|
| 651 |
|
7 |
|a Vysoké Tatry (Poľsko a Slovensko : pohorie)
|2 SNKPHgeo
|9 67729
|
| 651 |
|
7 |
|a Tatranská Lomnica (Vysoké Tatry, Slovensko)
|2 SNKPH
|9 160914
|
| 651 |
|
7 |
|a Lomnický štít (Vysoké Tatry, Slovensko)
|2 SNKPH
|9 19911
|
| 651 |
|
7 |
|a Kežmarský štít (Vysoké Tatry, Slovensko)
|2 SNKPH
|9 55633
|
| 655 |
|
7 |
|a miestne pohľadnice
|2 SNKPH
|9 70510
|
| 710 |
2 |
|
|a Hollarotypie-Neubert (Praha, Česko)
|4 prt
|9 338346
|
| 852 |
|
|
|a Slovenská národná knižnica
|
| 958 |
|
|
|a GC
|
| 958 |
|
|
|a GBN
|
| 958 |
|
|
|a OND
|
| 999 |
|
|
|c 842905
|d 844835
|
| 952 |
|
|
|a SNK
|b SNK
|y PREZ
|7 0
|p 17A1164753
|o snkSP 3877
|0 0
|1 0
|4 0
|d 2015-08-26
|f 1
|l 0
|r 2026-02-24 04:16:59
|w 2026-02-24
|